000 00422nam a22001577a 4500
005 20251121102950.0
008 251121b |||||||| |||| 00| 0 eng d
020 _a979-8-88715-121-2
100 _aDAVENPORT, VANESSA
245 _aFOOD AND WINE TOURISM
260 _aDUBLIN
_bORYSON PRESS
_c2023
300 _aVII, 268P.
500 _aINCLUDES INDEX
650 _a1.TOURISM 2. FOOD AND WINE TOURISM
942 _2lcc
_cBK
999 _c216247
_d216247